| 000 | 00423nam a2200169Ia 4500 | ||
|---|---|---|---|
| 003 | LK-CoDNM | ||
| 008 | 010623t1954 xxu||||| |||| 00| 1 eng d | ||
| 040 |
_aLK-CoDNM _dLK-CoDNM _eLK-CoDNM |
||
| 041 | _aeng | ||
| 080 | _a34 (624) HOW | ||
| 100 | _aHwell,P.P | ||
| 245 | _aA Manual Of Nuer Law | ||
| 260 |
_bInternational African Institute _aLondon _c1954 |
||
| 300 | _bp.(xv) 256, 22 cm | ||
| 650 | _aLaw | ||
| 942 | _cBK | ||
| 999 |
_c103365 _d103365 |
||